000 00776nab a2200241 u 4500
001 23286
003 HDC
007 cr bn ---aaaaa
008 210318c20140521my dr|nes 0 a may d
040 _aHDC
245 0 _aCCMD tumpu produk bioterapeutik
260 _aKuala Lumpur :
_bUtusan Melayu (M) Bhd.,
_c2014
336 _atext
_2rdacontent
337 _acomputer
_2rdamedia
338 _aonline resource
_2rdacarrier
650 _aBio therapeutic products
_919937
650 _apharmaceutical
_91773
710 _aUtusan Malaysia
856 _zRequest full-text at [email protected]
942 _2lcc
942 _cNEWS
942 _kNWSC 005971
999 _c20602
_d20602